00590nam a22001457a 450000500170000002000230001703500130004003700090005308200120006210000550007424501750012926000730030427000150037730000520039220120410142114.0 c200.00a8170282934 aA-968094 a dpl a338.954 aकलाम, ए.पी.जे.अब्दुल1 aइक्कीसवीं सदी का भारतः नवनिर्माण की रूपरेखा /cए.पी.जे.अब्दुल कलाम a दिल्लीbराजपाल एंड संज़c1999 a b e k  a304पृ.c22सेमी (सजिल्द)